LEADER 01167nas# 22002651i 450 001 UON00024198 005 20231205102033.16 100 $a20020107f1975 |0itac50 ba 101 $aita 102 $aIT 105 $a|||| 1|||| 110 $aaQ||||||||| 200 1 $aInformatica & documentazione$erivista trimestrale$fINFORAV 210 $aRoma$cINFORAV v. ; 27 cm 215 $a Trimestrale. - Descrizione basata su$canno 2(1975) n.1 620 $aIT$dRoma$3UONL000004 686 $aIT$cItalia - Scambio$2A 712 02$aINFORAV$cRoma$3UONV016189 712 $aINFORAV$3UONV249793$4650 801 $aIT$bSOL$c20250808$gRICA 899 $aSIBA - SISTEMA BIBLIOTECARIO DI ATENEO$2UONSI$42(1975) *1* 11(1984) *3* re$cPer 571 S37(UFFICIO 11) ; 912 $aUON00024198 950 $aSIBA - SISTEMA BIBLIOTECARIO DI ATENEO$bSI 2(1975) *1* 11(1984) *3* re$dSI A Per 571 1975 $eSI SA 82902 7 1975 $dSI A Per 571 1984 $eSI SA 114611 7 1984 996 $aInformatica & documentazione$9792955 997 $aUNIOR